Can the East Asian model of development be generalized? <a> Comment

Saved in:
Bibliographic Details
Main Author: Ranis, Gustav
Format: Book
Language:English
Published: New Haven Yale University 1985
Series:Center Paper no. 372
Tags: Add Tag
No Tags, Be the first to tag this record!

MARC

LEADER 00000nam a2200000 4500
001 c110369
005 20181203150314.7
041 0 |a eng 
044 |a US 
245 1 0 |a Can the East Asian model of development be generalized?  |b <a> Comment  |c Gustav Ranis 
264 1 |a New Haven  |b Yale University  |c 1985 
300 |a S. 543-545 
490 1 |a Center Paper  |v no. 372 
830 0 |a Center Paper  |v no. 372 
100 1 |a Ranis, Gustav